Orden, método y organización (Registro nro. 2539)

Detalles MARC
000 -LEADER
fixed length control field 00922 a2200193 4500
001 - CONTROL NUMBER
control field 35066
005 - DATE AND TIME OF LATEST TRANSACTION
control field 20260407155635.0
008 - FIXED-LENGTH DATA ELEMENTS--GENERAL INFORMATION
fixed length control field 260407a1959 arg spa d
003 - CONTROL NUMBER IDENTIFIER
control field AR-UNSa-BCEJYS
040 ## - CATALOGING SOURCE
Original cataloging agency AR-UNSa-BCEJYS
Language of cataloging spa
Transcribing agency AR-UNSa-BCEJYS
080 ## - UNIVERSAL DECIMAL CLASSIFICATION NUMBER
Universal Decimal Classification number 658.012.2
Common auxiliary subdivision Planificación. Programas. Planes. Medidas de apoyo a la planificación( Administración estratégica...)
100 1# - MAIN ENTRY--PERSONAL NAME
Personal name Lenner, Geroges de
245 10 - TITLE STATEMENT
Title Orden, método y organización
Name of part/section of a work la práctica diaria de la organización
264 #1 - PRODUCTION, PUBLICATION, DISTRIBUTION, MANUFACTURE, AND COPYRIGHT NOTICE
Place of production, publication, distribution, manufacture Buenos Aires :
Name of producer, publisher, distributor, manufacturer Santiago Rueda
Date of production, publication, distribution, manufacture, or copyright notice 1959
300 ## - PHYSICAL DESCRIPTION
Extent 253 p.
Dimensions 23 cm.
505 ## - FORMATTED CONTENTS NOTE
Formatted contents note 1. El éxito de la empresa y factores generales que lo condicionan - 2. Los elementos auxiliares de la organización - 3. El movimiento de materiales - 4. La producción o la ejecución - 5. Los resultados de la explotación - 6. Las funciones de la administración.
590 ## - LOCAL NOTE (RLIN)
Local note niveau_biblio:m niveau_hierar:0
942 ## - ADDED ENTRY ELEMENTS (KOHA)
Koha item type
Existencias
Withdrawn status Lost status Damaged status Not for loan Home library Current library Shelving location Date acquired Total checkouts Full call number Barcode Date last seen Price effective from Koha item type
        Biblioteca Prof. Eusebio Cleto del Rey Biblioteca Prof. Eusebio Cleto del Rey   07/04/2026   658.012.2 L567 L20055 07/04/2026 07/04/2026 Libro